[Event "IPCA Wch-B 13th"]
[Site "Velke Losiny"]
[Date "2013.06.21"]
[Round "5"]
[White "Klezl, Frantisek"]
[Black "Gelman, Gennadiy"]
[Result "0-1"]
[WhiteElo "1649"]
[BlackElo "1966"]
[PlyCount "80"]
[EventDate "2013.06.18"]
[EventType "swiss"]
[EventRounds "9"]
[EventCountry "CZE"]
[SourceTitle "EXT 2014"]
[Source "ChessBase"]
[SourceDate "2013.11.20"]
[SourceVersion "1"]
[SourceVersionDate "2013.11.20"]
[SourceQuality "1"]

1. e4 c5 2. Bc4 e6 3. a3 Nc6 4. d3 d5 5. exd5 exd5 6. Ba2 Nf6 7. Bg5 Be7 8. Nc3 d4 9. Bxf6 Bxf6 10. Ne4 Be7 11. Ne2 Bg4 12. h3 Bh5 13. N4g3 Bxe2 14. Qxe2 0-0 15. 0-0 Qd7 16. Rae1 b5 17. Qf3 Rab8 18. Bd5 Nd8 19. Nf5 Bf6 20. Ng3 Rb6 21. Bb3 a5 22. Re4 Ne6 23. Qf5 Qc8 24. Rfe1 c4 25. Ba2 Qc5 26. Rg4 Qxf5 27. Nxf5 h5 28. Rge4 g6 29. Ng3 Nc5 30. Re8 cxd3 31. Rxf8+ Kxf8 32. cxd3 Nxd3 33. Rb1 b4 34. axb4 Rxb4 35. Ne4 Be7 36. Nd2 Nxb2 37. Kf1 a4 38. Nc4 Nxc4 39. Rxb4 Nd2+ 40. Ke1 Bxb4 0-1

[Event "IPCA Wch-B 13th"]
[Site "Velke Losiny"]
[Date "2013.06.18"]
[Round "1"]
[White "Sohr, Vladimir"]
[Black "Klezl, Frantisek"]
[Result "1-0"]
[WhiteElo "2082"]
[BlackElo "1649"]
[PlyCount "59"]
[EventDate "2013.06.18"]
[EventType "swiss"]
[EventRounds "9"]
[EventCountry "CZE"]
[SourceTitle "EXT 2014"]
[Source "ChessBase"]
[SourceDate "2013.11.20"]
[SourceVersion "1"]
[SourceVersionDate "2013.11.20"]
[SourceQuality "1"]

1. e4 g6 2. d4 Bg7 3. Nc3 d6 4. Be3 Nf6 5. f3 0-0 6. Qd2 Nbd7 7. 0-0-0 Nb6 8. g4 Ne8 9. Bh6 f6 10. h4 Be6 11. Bxg7 Kxg7 12. g5 Bf7 13. f4 e6 14. Be2 d5 15. e5 f5 16. h5 Rh8 17. hxg6 Bxg6 18. Rh6 Nd7 19. Nf3 Kf7 20. Rdh1 Nf8 21. Nh4 Rg8 22. Bh5 Bxh5 23. Rxh5 Ng7 24. Rxh7 Nxh7 25. g6+ Ke8 26. gxh7 Rh8 27. Qg2 Kd7 28. Qxg7+ Kc6 29. Ng6 Qd7 30. Ne7+ 1-0